000 00459nam a2200205Ia 4500
005 20250425162652.0
008 250425s9999 xx 000 0 und d
041 _aspa
043 _acr
082 _a639.543
245 0 _aENGORDE Y MADURACION DE CAMARONES PENEIDOS
250 _aS.E
260 _aCosta Rica
_bCYTED
_c2000
260 _aSAN JOSE
300 _a162
650 _aCAMARONES
650 _aCAMARONES
942 _c01
010 _a95395
999 _c234007
_d234007